Music Quiz

Random Music or Lyrics Quiz

'The Thrill is Gone' Lyrics Quiz Stats

Quiz Updated May 15, 2015

Also try: Bohemian Rhapsody
Challenge
Share
Tweet
Embed
Score 0/133 Timer 07:00
1 Play Today
% Correct
The
99.2%
The
99.2%
The
99.2%
The
99.2%
The
99.2%
The
99.2%
The
99.2%
The
99.2%
Thrill
98.8%
thrill
98.8%
thrill
98.8%
thrill
98.8%
thrill
98.8%
thrill
98.8%
thrill
98.8%
thrill
98.8%
thrill
98.8%
gone.
98.7%
gone
98.7%
gone,
98.7%
gone
98.7%
gone.
98.7%
gone
98.7%
gone,
98.7%
gone
98.7%
gone.
98.7%
gone
98.7%
gone,
98.7%
gone
98.7%
is
98.6%
is
98.6%
is
98.6%
is
98.6%
is
98.6%
is
98.6%
is
98.6%
is
98.6%
is
98.6%
is
98.6%
I
97.1%
I
97.1%
a
90.9%
You
81.8%
you
81.8%
You
81.8%
% Correct
you
81.8%
me
72.8%
me.
72.8%
me.
72.8%
And
72.5%
And
72.5%
away.
66.9%
away.
66.9%
away
66.9%
away
66.9%
away
66.9%
away
66.9%
baby.
64.7%
baby.
64.7%
baby.
64.7%
baby.
64.7%
baby.
64.7%
baby.
64.7%
do
64.5%
for
64.2%
for
64.2%
be
61.7%
be.
61.7%
be
61.7%
It's
61.2%
It's
61.2%
It's
61.2%
it's
61.2%
can
59.5%
from
59.3%
from
59.3%
from
59.3%
from
59.3%
so
57.4%
know
54.9%
know
54.9%
know
54.9%
know
54.9%
all
54.4%
all
54.4%
now,
54.1%
now.
54.1%
now
54.1%
on,
53.5%
Oh,
52.8%
% Correct
that
51%
your
49.8%
your
49.8%
good.
49.4%
good.
49.4%
good
49.4%
but
42.1%
I'm
37.2%
I'm
37.2%
I'm
37.2%
I'm
37.2%
I'll
35.9%
I'll
35.9%
I'll
35.9%
I'll
35.9%
done
34.7%
wrong,
33.4%
well.
33.3%
man
33.3%
over,
33.2%
you'll
31.5%
like
30.8%
wish
28.9%
Just
27.8%
should.
26.2%
sorry
25%
someday.
21.8%
Someday
21.8%
live
19.9%
free,
19.3%
free
19.3%
free
19.3%
free,
19.3%
free,
19.3%
free
19.3%
free
19.3%
lonely
18%
still
17.8%
spell.
16.3%
spell.
16.3%
Although
10.7%
open
9.3%
armed,
7.7%

You're not logged in!

Compare scores with friends on all Sporcle quizzes.
Sign Up with Email
OR
Log In

You Might Also Like...

Show Comments

Extras

Top Quizzes Today


Score Distribution

Your Account Isn't Verified!

In order to create a playlist on Sporcle, you need to verify the email address you used during registration. Go to your Sporcle Settings to finish the process.